| 000 | 00659nam a2200193 i 4500 | ||
|---|---|---|---|
| 001 | 69535 | ||
| 003 | ES-MaACL | ||
| 005 | 20250829103234.0 | ||
| 007 | t| | ||
| 008 | 040707s1946 sp ||||1| spa d | ||
| 100 | 1 |
_aGarcía de Diego, Vicente, _d1878-1978 _954421 |
|
| 245 | 1 | 0 |
_aManual de dialectología española / _cVicente García de Diego. |
| 260 |
_aMadrid : _bInstituto de Cultura Hispánica, _c1946 ( _fTalls. Tip. de Espasa-Calpe) |
||
| 300 |
_a324 p. ; _c21 cm. |
||
| 650 | 4 |
_aLengua española- _xDialectos. _914136 |
|
| 710 | 2 |
_aInstituto de Cultura Hispánica (España) _94854 |
|
| 852 |
_aES-MaACL _jE-2162 |
||
| 999 |
_c69535 _d69535 |
||